000 00397nam a22001577a 4500
005 20181006114404.0
008 181006b xxu||||| |||| 00| 0 eng d
020 _a81-86099-92-1
041 _aeng
100 _aKatyayan,Arun
_94869
245 _aFundamentals of Agriculture Volume II
250 _a7
260 _aVaranasi
_bKaushal Publication
_c218
650 _aAgriculture
_92837
942 _cBK
999 _c5741
_d5739